000 00289nam a2200121Ia 4500
008 190216s9999||||xx |||||||||||||| ||und||
100 _aJohn L Kelley
245 0 _aAlgebra A Modern Introduction
260 _bEast-West Press
_c1965
300 _a335
650 _aMathematics
942 _cBK
999 _c30457
_d30457